Trattato de' doveri d'un Vescovo dell'abate Duguet tradotto dal francese. Con un discorso di Paolo Minucci del diritto della procurazione pretesa dai Vescovi nell lor visite

Detalles Bibliográficos
Autor principal: Duguet, Jacques Joseph, 1649-1733
Otros Autores: Minucci, Paolo, 1625-1695. Del diritto della procurazione pretesa dai Vescovi nell lor visite
Formato: Libro
Lenguaje:Italian
Publicado: in Pavia : presso Giuseppe Bolzani impressore della R. Cità, e R. Imp. Università, 1791.
Materias:
Colección:Banco de datos
Acervo:Fondo Antiguo José Gutiérrez Casillas. S.J. de la Biblioteca Eusebio F. Kino. de la Provincia Mexicana de la Compañía de Jesús
Descripción Física:[1] h., 249 p., [3] h. ; 8°
Tema general:Pastoral
Notas:Portada tipográfica con plecas en grabado xilográfico. Texto a renglón seguido con paginación en números arábigos, cornisas, signaturas y notas a pie de página. Encuadernación en cartón con lomo en piel. Sello en tinta de la Residentia Leonensis IHS Biblioteca Domus
LEADER 01177nam a22001930004500
035 |a 3312 
041 0 |a ita 
100 1 |a Duguet, Jacques Joseph, 1649-1733  
245 1 0 |a Trattato de' doveri d'un Vescovo dell'abate Duguet tradotto dal francese. Con un discorso di Paolo Minucci del diritto della procurazione pretesa dai Vescovi nell lor visite 
260 |a in Pavia : presso Giuseppe Bolzani impressore della R. Cità, e R. Imp. Università, 1791. 
300 |a [1] h., 249 p., [3] h. ; 8° 
500 |a Portada tipográfica con plecas en grabado xilográfico. Texto a renglón seguido con paginación en números arábigos, cornisas, signaturas y notas a pie de página. Encuadernación en cartón con lomo en piel. Sello en tinta de la Residentia Leonensis IHS Biblioteca Domus 
504 |a Al final de la obra está el índice de contenido 
650 1 0 |a Pastoral 
700 1 |a Minucci, Paolo, 1625-1695. Del diritto della procurazione pretesa dai Vescovi nell lor visite 
949 |a 23465 
942 |c KINO 
943 |g Fondo Antiguo José Gutiérrez Casillas. S.J. de la Biblioteca Eusebio F. Kino. de la Provincia Mexicana de la Compañía de Jesús 
999 |c 1096201  |d 1096201